[Event "46th Greek Team Championship"]
[Site "chess24.com"]
[Date "2018.07.13"]
[Round "5"]
[White "Mastrakouli, Evagelia"]
[Black "Grammatikaki, Aggeliki"]
[Result "1-0"]
[Board "6"]
[WhiteElo "1779"]
[WhiteCountry "GRE"]
[WhiteFideId "4229347"]
[WhiteEloChange "7"]
[BlackElo "1679"]
[BlackCountry "GRE"]
[BlackFideId "25802607"]
[BlackEloChange "-7"]

1. d4 {[%clk 1:30:57]} Nf6 {[%clk 1:30:43]} 2. c4 {[%clk 1:31:23]} e6 {[%clk
1:31:09]} 3. Nc3 {[%clk 1:31:46]} Bb4 {[%clk 1:31:31]} 4. e3 {[%clk 1:31:58]} b6
{[%clk 1:31:44]} 5. Ne2 {[%clk 1:32:00]} Ne4 {[%clk 1:31:40]} 6. Qc2 {[%clk
1:31:36]} Bb7 {[%clk 1:31:56]} 7. a3 {[%clk 1:31:42]} Bxc3+ {[%clk 1:30:50]} 8.
Nxc3 {[%clk 1:32:02]} f5 {[%clk 1:28:04]} 9. b4 {[%clk 1:30:07]} d6 {[%clk
1:24:59]} 10. d5 {[%clk 1:24:26]} exd5 {[%clk 1:14:54]} 11. cxd5 {[%clk 1:23:05]}
Nxc3 {[%clk 1:03:42]} 12. Qxc3 {[%clk 1:23:06]} Bxd5 {[%clk 0:48:10]} 13. Qxg7
{[%clk 1:15:44]} Rg8 {[%clk 0:47:15]} 14. Qxh7 {[%clk 1:01:41]} Qf6 {[%clk
0:45:02]} 15. Rb1 {[%clk 1:00:44]} Nd7 {[%clk 0:30:10]} 16. Bb2 {[%clk 0:50:44]}
Qg5 {[%clk 0:27:18]} 17. Rd1 {[%clk 0:42:11]} Bb3 {[%clk 0:20:22]} 18. Rd4 {[%clk
0:32:44]} O-O-O {[%clk 0:16:14]} 19. Rf4 {[%clk 0:31:11]} Be6 {[%clk 0:07:16]}
20. h4 {[%clk 0:27:44]} Qg6 {[%clk 0:07:14]} 21. Qxg6 {[%clk 0:27:26]} Rxg6
{[%clk 0:07:40]} 22. h5 {[%clk 0:19:59]} Rh6 {[%clk 0:05:13]} 23. e4 {[%clk
0:17:27]} Re8 {[%clk 0:03:19]} 24. Kd2 {[%clk 0:13:49]} fxe4 {[%clk 0:03:22]} 25.
Rxe4 {[%clk 0:10:45]} Nf6 {[%clk 0:03:47]} 26. Re1 {[%clk 0:06:59]} Bf7 {[%clk
0:02:28]} 27. Rxe8+ {[%clk 0:05:33]} Bxe8 {[%clk 0:02:53]} 28. Bxf6 {[%clk
0:05:19]} Rxf6 {[%clk 0:03:20]} 29. f3 {[%clk 0:05:21]} c5 {[%clk 0:03:03]} 30.
h6 {[%clk 0:05:07]} Rf8 {[%clk 0:02:48]} 31. h7 {[%clk 0:04:29]} Rh8 {[%clk
0:03:12]} 32. Bd3 {[%clk 0:04:38]} Kd8 {[%clk 0:02:58]} 33. Re1 {[%clk 0:04:08]}
d5 {[%clk 0:02:31]} 34. Re5 {[%clk 0:03:38]} Bf7 {[%clk 0:02:31]} 35. g4 {[%clk
0:03:04]} Kd7 {[%clk 0:01:56]} 36. g5 {[%clk 0:03:08]} Kd6 {[%clk 0:02:14]} 37.
f4 {[%clk 0:03:05]} c4 {[%clk 0:02:10]} 38. Bf5 {[%clk 0:03:12]} d4 {[%clk
0:01:42]} 39. g6 {[%clk 0:03:11]} c3+ {[%clk 0:01:54]} 40. Kd3 {[%clk 0:33:15]}
Bxg6 {[%clk 0:30:48]} 41. Bxg6 {[%clk 0:31:48]} 1-0

[Event "46th Greek Team Championship"]
[Site "chess24.com"]
[Date "2018.07.13"]
[Round "5"]
[White "Petrakis, Ilias"]
[Black "Gkogkas, Dimitrios"]
[Result "1/2-1/2"]
[Board "4"]
[WhiteElo "2118"]
[WhiteCountry "GRE"]
[WhiteFideId "4208323"]
[WhiteEloChange "-2"]
[BlackElo "2038"]
[BlackCountry "GRE"]
[BlackFideId "4200462"]
[BlackEloChange "2"]

1. e4 {[%clk 1:30:52]} c5 {[%clk 1:30:16]} 2. Nf3 {[%clk 1:31:14]} g6 {[%clk
1:30:33]} 3. d4 {[%clk 1:31:07]} cxd4 {[%clk 1:30:45]} 4. Nxd4 {[%clk 1:31:30]}
Bg7 {[%clk 1:28:44]} 5. c4 {[%clk 1:30:21]} Nc6 {[%clk 1:27:50]} 6. Be3 {[%clk
1:30:37]} Nf6 {[%clk 1:28:01]} 7. Nc3 {[%clk 1:30:57]} d6 {[%clk 1:25:18]} 8. Be2
{[%clk 1:29:34]} O-O {[%clk 1:25:19]} 9. Qd2 {[%clk 1:28:33]} Bd7 {[%clk
1:22:59]} 10. f3 {[%clk 1:28:10]} Nxd4 {[%clk 1:20:34]} 11. Bxd4 {[%clk 1:28:32]}
a5 {[%clk 1:18:02]} 12. g4 {[%clk 1:13:47]} a4 {[%clk 1:04:36]} 13. h4 {[%clk
1:13:37]} Qa5 {[%clk 0:46:26]} 14. h5 {[%clk 1:09:49]} Be6 {[%clk 0:31:55]} 15.
Nb5 {[%clk 0:46:14]} Qxd2+ {[%clk 0:27:50]} 16. Kxd2 {[%clk 0:46:16]} Rfc8 {[%clk
0:27:13]} 17. h6 {[%clk 0:38:46]} Bh8 {[%clk 0:26:01]} 18. b3 {[%clk 0:38:28]}
Bd7 {[%clk 0:22:53]} 19. Kd3 {[%clk 0:27:04]} Bxb5 {[%clk 0:19:22]} 20. cxb5
{[%clk 0:27:27]} Nd7 {[%clk 0:18:20]} 21. b4 {[%clk 0:22:44]} Bxd4 {[%clk
0:12:28]} 22. Kxd4 {[%clk 0:23:10]} Rc2 {[%clk 0:09:45]} 23. Bd3 {[%clk 0:23:20]}
Rf2 {[%clk 0:04:05]} 24. Ke3 {[%clk 0:23:25]} Rb2 {[%clk 0:04:06]} 25. Rhb1
{[%clk 0:23:39]} a3 {[%clk 0:03:38]} 26. f4 {[%clk 0:18:17]} Ra4 {[%clk 0:02:03]}
27. Rc1 {[%clk 0:18:10]} Raxb4 {[%clk 0:01:29]} 28. Rc7 {[%clk 0:18:28]} Nf8
{[%clk 0:01:19]} 29. Rxe7 {[%clk 0:15:40]} Rh2 {[%clk 0:01:39]} 30. Rc1 {[%clk
0:10:46]} Rh3+ {[%clk 0:01:24]} 31. Kd2 {[%clk 0:10:19]} Rd4 {[%clk 0:00:49]} 32.
Rc3 {[%clk 0:10:41]} Rxh6 {[%clk 0:00:52]} 33. f5 {[%clk 0:09:00]} gxf5 {[%clk
0:00:57]} 34. gxf5 {[%clk 0:09:22]} Rh3 {[%clk 0:01:09]} 35. Rxb7 {[%clk
0:09:03]} h5 {[%clk 0:01:29]} 36. b6 {[%clk 0:09:03]} Nh7 {[%clk 0:01:12]} 37.
Rb8+ {[%clk 0:09:14]} Kg7 {[%clk 0:01:40]} 38. b7 {[%clk 0:09:24]} Nf6 {[%clk
0:00:50]} 39. Rg8+ {[%clk 0:07:58]} Kxg8 {[%clk 0:01:19]} 40. b8Q+ {[%clk
0:38:13]} Kg7 {[%clk 0:31:46]} 41. Kc2 {[%clk 0:37:38]} Rh2+ {[%clk 0:30:12]} 42.
Kc1 {[%clk 0:34:02]} Rh1+ {[%clk 0:30:07]} 43. Kd2 {[%clk 0:31:23]} Rh3 {[%clk
0:24:44]} 44. Ke2 {[%clk 0:18:55]} Nxe4 {[%clk 0:13:30]} 45. Bxe4 {[%clk
0:13:56]} Rxe4+ {[%clk 0:13:05]} 46. Kd2 {[%clk 0:14:15]} Rd4+ {[%clk 0:12:48]}
47. Kc2 {[%clk 0:14:02]} Rh2+ {[%clk 0:12:58]} 48. Kc1 {[%clk 0:14:21]} Rh1+
{[%clk 0:13:07]} 1/2-1/2

[Event "46th Greek Team Championship"]
[Site "chess24.com"]
[Date "2018.07.13"]
[Round "5"]
[White "Kouvatsos, Filippos"]
[Black "Azis, Azizis Ektoras"]
[Result "1-0"]
[Board "4"]
[WhiteElo "2148"]
[WhiteCountry "GRE"]
[WhiteFideId "4205561"]
[WhiteEloChange "12"]
[BlackElo "2209"]
[BlackTitle "FM"]
[BlackCountry "GRE"]
[BlackFideId "4207637"]
[BlackEloChange "-12"]

1. d4 {[%clk 1:30:57]} f5 {[%clk 1:30:38]} 2. Nf3 {[%clk 1:31:12]} Nf6 {[%clk
1:30:42]} 3. g3 {[%clk 1:31:26]} g6 {[%clk 1:30:57]} 4. Bg2 {[%clk 1:31:51]} Bg7
{[%clk 1:31:17]} 5. b3 {[%clk 1:32:13]} O-O {[%clk 1:31:25]} 6. Bb2 {[%clk
1:32:41]} d6 {[%clk 1:29:58]} 7. Nbd2 {[%clk 1:31:16]} Qe8 {[%clk 1:28:31]} 8. a4
{[%clk 1:29:58]} a5 {[%clk 1:24:17]} 9. Nc4 {[%clk 1:29:18]} e6 {[%clk 1:23:33]}
10. O-O {[%clk 1:28:49]} Nc6 {[%clk 1:21:52]} 11. e3 {[%clk 1:25:53]} b6 {[%clk
1:17:59]} 12. Ne1 {[%clk 1:23:28]} Bb7 {[%clk 1:14:09]} 13. Nd3 {[%clk 1:23:20]}
Rd8 {[%clk 0:57:50]} 14. Qe2 {[%clk 1:22:47]} Rd7 {[%clk 0:56:15]} 15. Nf4 {[%clk
1:12:39]} d5 {[%clk 0:50:53]} 16. Nd2 {[%clk 1:03:53]} e5 {[%clk 0:44:28]} 17.
dxe5 {[%clk 0:57:38]} Nxe5 {[%clk 0:44:06]} 18. Rfd1 {[%clk 0:42:48]} Qe7 {[%clk
0:32:30]} 19. c4 {[%clk 0:31:25]} Rfd8 {[%clk 0:23:58]} 20. Nf3 {[%clk 0:22:59]}
Nxf3+ {[%clk 0:17:08]} 21. Bxf3 {[%clk 0:21:09]} Ba6 {[%clk 0:14:33]} 22. Qc2
{[%clk 0:20:04]} dxc4 {[%clk 0:14:01]} 23. Rxd7 {[%clk 0:18:36]} Rxd7 {[%clk
0:13:38]} 24. bxc4 {[%clk 0:18:34]} c5 {[%clk 0:04:51]} 25. Rb1 {[%clk 0:17:51]}
Bb7 {[%clk 0:03:58]} 26. Bxb7 {[%clk 0:16:33]} Rxb7 {[%clk 0:04:22]} 27. Bxf6
{[%clk 0:16:42]} Bxf6 {[%clk 0:02:45]} 28. Nd5 {[%clk 0:14:42]} Qd6 {[%clk
0:02:29]} 29. Qb3 {[%clk 0:14:35]} Bd8 {[%clk 0:01:45]} 30. Rd1 {[%clk 0:13:34]}
Kf7 {[%clk 0:00:53]} 31. Nf4 {[%clk 0:12:44]} Qb8 {[%clk 0:00:38]} 32. Qd3 {[%clk
0:12:56]} Bf6 {[%clk 0:00:37]} 33. Qd5+ {[%clk 0:07:45]} Kg7 {[%clk 0:00:38]} 34.
Qc6 {[%clk 0:08:12]} Rf7 {[%clk 0:00:32]} 35. Rd6 {[%clk 0:04:08]} Be5 {[%clk
0:00:34]} 36. Ne6+ {[%clk 0:01:52]} Kf6 {[%clk 0:00:32]} 37. Rd5 {[%clk 0:00:35]}
Qb7 {[%clk 0:00:39]} 38. Qe8 {[%clk 0:00:44]} Re7 {[%clk 0:00:31]} 39. Qh8+
{[%clk 0:00:34]} Kxe6 {[%clk 0:00:41]} 40. Rxe5+ {[%clk 0:30:41]} 1-0

[Event "46th Greek Team Championship"]
[Site "chess24.com"]
[Date "2018.07.13"]
[Round "5"]
[White "Tsironis, Alexandros"]
[Black "Poulopoulos, Ioannis"]
[Result "0-1"]
[Board "4"]
[WhiteElo "1994"]
[WhiteCountry "GRE"]
[WhiteFideId "4262980"]
[WhiteEloChange "-3"]
[BlackElo "2268"]
[BlackCountry "GRE"]
[BlackFideId "4218078"]
[BlackEloChange "3"]

1. e4 {[%clk 1:30:58]} e5 {[%clk 1:30:29]} 2. f4 {[%clk 1:27:03]} exf4 {[%clk
1:29:04]} 3. Nf3 {[%clk 1:27:27]} d5 {[%clk 1:19:59]} 4. exd5 {[%clk 1:25:53]}
Bg4 {[%clk 1:17:18]} 5. Bb5+ {[%clk 1:17:32]} c6 {[%clk 1:13:58]} 6. dxc6 {[%clk
1:17:55]} Nxc6 {[%clk 1:11:40]} 7. d4 {[%clk 1:14:57]} Qa5+ {[%clk 1:07:23]} 8.
Nc3 {[%clk 1:15:14]} Bb4 {[%clk 1:06:19]} 9. Bxc6+ {[%clk 0:51:08]} bxc6 {[%clk
1:06:43]} 10. O-O {[%clk 0:44:36]} O-O-O {[%clk 0:47:30]} 11. Qd3 {[%clk
0:30:20]} g5 {[%clk 0:36:04]} 12. Ne4 {[%clk 0:27:02]} Bxf3 {[%clk 0:27:42]} 13.
Qxf3 {[%clk 0:24:53]} h6 {[%clk 0:27:53]} 14. Qh3+ {[%clk 0:23:32]} Kb7 {[%clk
0:27:58]} 15. a3 {[%clk 0:03:24]} Be7 {[%clk 0:27:35]} 16. c3 {[%clk 0:02:36]}
Qd5 {[%clk 0:25:19]} 17. Qd3 {[%clk 0:02:19]} f5 {[%clk 0:24:13]} 18. Nd2 {[%clk
0:02:33]} Nf6 {[%clk 0:23:40]} 19. Re1 {[%clk 0:02:56]} Rhe8 {[%clk 0:23:00]} 20.
b4 {[%clk 0:01:37]} Bd6 {[%clk 0:05:57]} 21. Rxe8 {[%clk 0:01:17]} Rxe8 {[%clk
0:05:58]} 22. c4 {[%clk 0:01:05]} Qe6 {[%clk 0:05:15]} 23. c5 {[%clk 0:01:03]}
Bc7 {[%clk 0:04:22]} 24. b5 {[%clk 0:01:16]} Qe3+ {[%clk 0:04:05]} 25. Qxe3
{[%clk 0:01:44]} fxe3 {[%clk 0:04:33]} 26. bxc6+ {[%clk 0:01:56]} Kxc6 {[%clk
0:05:02]} 27. Nf3 {[%clk 0:01:06]} g4 {[%clk 0:03:35]} 28. Ne1 {[%clk 0:01:00]}
Nd5 {[%clk 0:02:15]} 29. g3 {[%clk 0:01:17]} h5 {[%clk 0:02:09]} 30. Nd3 {[%clk
0:01:08]} a5 {[%clk 0:02:03]} 31. Kg2 {[%clk 0:01:13]} Rb8 {[%clk 0:01:49]} 32.
Kf1 {[%clk 0:00:56]} h4 {[%clk 0:01:58]} 33. gxh4 {[%clk 0:00:36]} Bxh2 {[%clk
0:01:54]} 34. Nb2 {[%clk 0:00:54]} Bc7 {[%clk 0:01:41]} 35. Nc4 {[%clk 0:01:18]}
f4 {[%clk 0:02:06]} 36. Ke2 {[%clk 0:00:42]} Rh8 {[%clk 0:02:07]} 37. Bb2 {[%clk
0:00:37]} Rxh4 {[%clk 0:02:29]} 38. Kd3 {[%clk 0:00:56]} Rh2 {[%clk 0:02:03]} 39.
Rg1 {[%clk 0:00:56]} g3 {[%clk 0:02:03]} 40. Bc1 {[%clk 0:30:45]} g2 {[%clk
0:31:00]} 41. Ke4 {[%clk 0:20:37]} Rh1 {[%clk 0:28:57]} 42. Rxg2 {[%clk 0:20:48]}
Rxc1 {[%clk 0:26:11]} 43. Rg6+ {[%clk 0:20:48]} Kb5 {[%clk 0:25:39]} 44. Kxd5
{[%clk 0:18:10]} Rxc4 {[%clk 0:24:50]} 45. Rg7 {[%clk 0:18:15]} e2 {[%clk
0:24:27]} 46. Rxc7 {[%clk 0:17:55]} Rxd4+ {[%clk 0:24:04]} 47. Kxd4 {[%clk
0:18:20]} e1Q {[%clk 0:24:29]} 48. Rb7+ {[%clk 0:17:35]} Kc6 {[%clk 0:24:47]} 49.
Rb6+ {[%clk 0:17:57]} Kc7 {[%clk 0:25:13]} 50. Kc4 {[%clk 0:17:50]} Qe2+ {[%clk
0:25:38]} 51. Kd5 {[%clk 0:17:19]} Qd3+ {[%clk 0:25:53]} 0-1

[Event "46th Greek Team Championship"]
[Site "chess24.com"]
[Date "2018.07.13"]
[Round "5"]
[White "Kratimenou, Georgia"]
[Black "Lagogianni, Niki Vasiliki"]
[Result "1-0"]
[Board "7"]
[WhiteElo "1436"]
[WhiteCountry "GRE"]
[WhiteFideId "25821717"]
[WhiteEloChange "3"]
[BlackElo "1123"]
[BlackCountry "GRE"]
[BlackFideId "25804359"]
[BlackEloChange "-3"]

1. e4 {[%clk 1:30:58]} c6 {[%clk 1:30:09]} 2. d4 {[%clk 1:31:23]} d5 {[%clk
1:30:33]} 3. Nc3 {[%clk 1:31:49]} dxe4 {[%clk 1:30:55]} 4. Nxe4 {[%clk 1:32:10]}
Bf5 {[%clk 1:31:22]} 5. Ng3 {[%clk 1:32:34]} Bg6 {[%clk 1:31:47]} 6. h4 {[%clk
1:32:49]} h6 {[%clk 1:32:09]} 7. Nf3 {[%clk 1:32:51]} Nd7 {[%clk 1:30:46]} 8. h5
{[%clk 1:33:15]} Bh7 {[%clk 1:31:08]} 9. Bd3 {[%clk 1:33:39]} Bxd3 {[%clk
1:31:29]} 10. Qxd3 {[%clk 1:34:01]} e6 {[%clk 1:29:57]} 11. Bd2 {[%clk 1:34:24]}
Ngf6 {[%clk 1:28:49]} 12. O-O-O {[%clk 1:34:27]} Bd6 {[%clk 1:28:12]} 13. Ne4
{[%clk 1:34:45]} Nxe4 {[%clk 1:26:37]} 14. Qxe4 {[%clk 1:35:07]} Nf6 {[%clk
1:26:59]} 15. Qe2 {[%clk 1:35:32]} O-O {[%clk 1:27:06]} 16. Kb1 {[%clk 1:35:09]}
Qb6 {[%clk 1:14:51]} 17. c4 {[%clk 1:30:50]} c5 {[%clk 1:03:58]} 18. Bc3 {[%clk
1:27:47]} Be7 {[%clk 1:02:23]} 19. Ne5 {[%clk 1:24:58]} Rfd8 {[%clk 0:55:23]} 20.
Qe3 {[%clk 1:20:54]} Rd6 {[%clk 0:46:55]} 21. Rd2 {[%clk 1:20:14]} Qc7 {[%clk
0:39:42]} 22. dxc5 {[%clk 1:07:55]} Rxd2 {[%clk 0:39:44]} 23. Bxd2 {[%clk
1:08:13]} Bxc5 {[%clk 0:38:30]} 24. Qe2 {[%clk 1:07:37]} Rd8 {[%clk 0:35:40]} 25.
Bf4 {[%clk 1:02:06]} Bd6 {[%clk 0:31:28]} 26. Bh2 {[%clk 0:54:29]} Nd7 {[%clk
0:26:33]} 27. f4 {[%clk 0:50:26]} Nxe5 {[%clk 0:24:10]} 28. fxe5 {[%clk 0:50:51]}
Bc5 {[%clk 0:24:07]} 29. Qg4 {[%clk 0:48:52]} Bd4 {[%clk 0:22:24]} 30. Rd1 {[%clk
0:44:06]} Bc5 {[%clk 0:19:48]} 31. Re1 {[%clk 0:43:11]} Bd4 {[%clk 0:12:26]} 32.
Bf4 {[%clk 0:38:21]} Qb6 {[%clk 0:07:38]} 33. b3 {[%clk 0:37:20]} Kh7 {[%clk
0:06:47]} 34. Rd1 {[%clk 0:33:31]} Bc5 {[%clk 0:03:52]} 35. Rf1 {[%clk 0:31:00]}
Rd7 {[%clk 0:03:12]} 36. Bc1 {[%clk 0:29:51]} Qc7 {[%clk 0:01:41]} 37. Qe4+
{[%clk 0:28:25]} Kg8 {[%clk 0:01:57]} 38. Bb2 {[%clk 0:25:17]} b6 {[%clk
0:02:21]} 39. g4 {[%clk 0:25:06]} a5 {[%clk 0:01:37]} 40. Qf3 {[%clk 0:53:10]}
Bd4 {[%clk 0:31:27]} 41. Qf4 {[%clk 0:49:34]} Bxb2 {[%clk 0:31:12]} 42. Kxb2
{[%clk 0:49:23]} Qd8 {[%clk 0:31:18]} 43. Rf2 {[%clk 0:49:16]} Kf8 {[%clk
0:28:21]} 44. Kc2 {[%clk 0:48:13]} Kg8 {[%clk 0:28:34]} 45. Rd2 {[%clk 0:47:09]}
Rxd2+ {[%clk 0:27:14]} 46. Qxd2 {[%clk 0:47:34]} Qc7 {[%clk 0:26:35]} 47. Qd6
{[%clk 0:47:54]} Qxd6 {[%clk 0:26:38]} 48. exd6 {[%clk 0:48:03]} Kf8 {[%clk
0:26:55]} 49. a3 {[%clk 0:48:28]} Ke8 {[%clk 0:26:56]} 50. b4 {[%clk 0:48:43]}
axb4 {[%clk 0:27:08]} 51. axb4 {[%clk 0:49:09]} Kd7 {[%clk 0:27:00]} 52. c5
{[%clk 0:49:34]} g5 {[%clk 0:24:19]} 53. hxg6 {[%clk 0:49:06]} fxg6 {[%clk
0:24:38]} 54. Kd3 {[%clk 0:49:34]} e5 {[%clk 0:23:59]} 55. Ke4 {[%clk 0:49:47]}
Ke6 {[%clk 0:24:15]} 56. Kf3 {[%clk 0:45:46]} Kd7 {[%clk 0:23:38]} 57. Ke3 {[%clk
0:46:05]} Ke6 {[%clk 0:23:14]} 58. Ke4 {[%clk 0:46:27]} h5 {[%clk 0:21:28]} 59.
gxh5 {[%clk 0:46:43]} gxh5 {[%clk 0:21:49]} 60. Kf3 {[%clk 0:46:55]} Kd7 {[%clk
0:21:55]} 61. Kg3 {[%clk 0:47:11]} Ke6 {[%clk 0:21:08]} 62. Kh4 {[%clk 0:47:22]}
e4 {[%clk 0:20:47]} 63. Kg3 {[%clk 0:47:38]} bxc5 {[%clk 0:20:03]} 64. bxc5
{[%clk 0:47:38]} Kd5 {[%clk 0:19:33]} 65. d7 {[%clk 0:48:20]} Kxc5 {[%clk
0:19:49]} 66. d8Q {[%clk 0:48:42]} e3 {[%clk 0:20:04]} 67. Qd3 {[%clk 0:48:51]}
1-0

[Event "46th Greek Team Championship"]
[Site "chess24.com"]
[Date "2018.07.13"]
[Round "5"]
[White "Papakonstantinou, Dimitrios 2"]
[Black "Giatrakos, Orestis"]
[Result "1-0"]
[Board "8"]
[WhiteElo "2028"]
[WhiteCountry "GRE"]
[WhiteFideId "4250990"]
[WhiteEloChange "6"]
[BlackElo "1860"]
[BlackCountry "GRE"]
[BlackFideId "4266897"]
[BlackEloChange "-6"]

1. d4 {[%clk 1:30:56]} Nf6 {[%clk 1:28:55]} 2. Nf3 {[%clk 1:30:27]} e6 {[%clk
1:29:14]} 3. e3 {[%clk 1:30:20]} b6 {[%clk 1:28:16]} 4. Bd3 {[%clk 1:30:45]} Bb7
{[%clk 1:28:38]} 5. O-O {[%clk 1:31:08]} Be7 {[%clk 1:27:21]} 6. b3 {[%clk
1:31:34]} O-O {[%clk 1:27:15]} 7. Nbd2 {[%clk 1:31:59]} d5 {[%clk 1:23:40]} 8.
Bb2 {[%clk 1:32:22]} Nbd7 {[%clk 1:23:32]} 9. c4 {[%clk 1:28:10]} Ne4 {[%clk
1:21:43]} 10. Qc2 {[%clk 1:27:58]} f5 {[%clk 1:20:04]} 11. cxd5 {[%clk 1:17:29]}
exd5 {[%clk 1:20:07]} 12. Ne5 {[%clk 1:17:38]} Bd6 {[%clk 1:07:44]} 13. Bb5
{[%clk 1:08:07]} Nxd2 {[%clk 0:58:23]} 14. Qxd2 {[%clk 1:07:04]} Bxe5 {[%clk
0:56:54]} 15. dxe5 {[%clk 1:07:28]} a6 {[%clk 0:54:17]} 16. Be2 {[%clk 1:04:35]}
Re8 {[%clk 0:52:02]} 17. Qc2 {[%clk 1:00:34]} Nxe5 {[%clk 0:40:30]} 18. Qxf5
{[%clk 1:00:55]} Qf6 {[%clk 0:40:39]} 19. Qc2 {[%clk 0:57:50]} Qe7 {[%clk
0:37:01]} 20. Bh5 {[%clk 0:57:55]} g6 {[%clk 0:27:54]} 21. Be2 {[%clk 0:58:20]}
c5 {[%clk 0:24:50]} 22. Kh1 {[%clk 0:57:25]} Rad8 {[%clk 0:22:40]} 23. Rad1
{[%clk 0:57:49]} b5 {[%clk 0:18:19]} 24. Bxe5 {[%clk 0:56:54]} Qxe5 {[%clk
0:18:38]} 25. Qxc5 {[%clk 0:57:09]} Rc8 {[%clk 0:15:44]} 26. Qb6 {[%clk 0:57:33]}
Qc7 {[%clk 0:15:41]} 27. Qa7 {[%clk 0:51:38]} Re4 {[%clk 0:13:41]} 28. Bf3 {[%clk
0:49:51]} Rh4 {[%clk 0:11:20]} 29. g3 {[%clk 0:49:35]} Ra8 {[%clk 0:11:27]} 30.
Qxa8+ {[%clk 0:47:58]} Bxa8 {[%clk 0:11:49]} 31. gxh4 {[%clk 0:48:24]} Qe7 {[%clk
0:09:26]} 32. Rd4 {[%clk 0:48:29]} Bc6 {[%clk 0:08:56]} 33. Rc1 {[%clk 0:46:55]}
Qf6 {[%clk 0:08:24]} 34. Rxc6 {[%clk 0:44:21]} Qxf3+ {[%clk 0:08:50]} 35. Kg1
{[%clk 0:44:48]} a5 {[%clk 0:08:50]} 36. a4 {[%clk 0:44:59]} bxa4 {[%clk
0:08:38]} 37. bxa4 {[%clk 0:45:21]} Kg7 {[%clk 0:09:06]} 38. Rc5 {[%clk 0:44:17]}
Qe2 {[%clk 0:09:21]} 39. Kg2 {[%clk 0:44:09]} Qa6 {[%clk 0:08:36]} 40. Rcxd5
{[%clk 1:13:33]} Qc6 {[%clk 0:39:00]} 41. e4 {[%clk 0:59:45]} Qe6 {[%clk
0:38:18]} 42. Kg3 {[%clk 0:58:56]} Kh6 {[%clk 0:37:27]} 43. Rxa5 {[%clk 0:55:35]}
Qb3+ {[%clk 0:37:36]} 44. Kg2 {[%clk 0:55:44]} Qe6 {[%clk 0:37:43]} 45. h3 {[%clk
0:53:56]} g5 {[%clk 0:37:05]} 46. hxg5+ {[%clk 0:52:50]} Kh5 {[%clk 0:37:24]} 47.
g6+ {[%clk 0:49:41]} Kh4 {[%clk 0:36:33]} 48. e5+ {[%clk 0:48:23]} Kh5 {[%clk
0:36:18]} 49. gxh7 {[%clk 0:46:30]} Qc6+ {[%clk 0:36:35]} 50. Rad5 {[%clk
0:46:12]} Qg6+ {[%clk 0:36:56]} 51. Rg4 {[%clk 0:46:27]} 1-0

[Event "46th Greek Team Championship"]
[Site "chess24.com"]
[Date "2018.07.13"]
[Round "5"]
[White "Markidis, Konstantinos"]
[Black "Drakoulakos, Grigorios"]
[Result "1-0"]
[Board "2"]
[WhiteElo "2329"]
[WhiteCountry "GRE"]
[WhiteFideId "4203500"]
[WhiteEloChange "8"]
[BlackElo "2276"]
[BlackTitle "FM"]
[BlackCountry "GRE"]
[BlackFideId "4264541"]
[BlackEloChange "-8"]

1. e4 {[%clk 1:30:49]} c5 {[%clk 1:27:43]} 2. Nf3 {[%clk 1:31:12]} d6 {[%clk
1:27:51]} 3. Bb5+ {[%clk 1:30:43]} Bd7 {[%clk 1:27:02]} 4. Bxd7+ {[%clk 1:30:16]}
Qxd7 {[%clk 1:27:30]} 5. c4 {[%clk 1:29:58]} Nc6 {[%clk 1:27:35]} 6. Nc3 {[%clk
1:30:01]} g6 {[%clk 1:27:38]} 7. d4 {[%clk 1:29:25]} cxd4 {[%clk 1:28:00]} 8.
Nxd4 {[%clk 1:29:49]} Bg7 {[%clk 1:28:22]} 9. Be3 {[%clk 1:29:15]} Nf6 {[%clk
1:28:22]} 10. f3 {[%clk 1:29:18]} O-O {[%clk 1:28:40]} 11. O-O {[%clk 1:29:15]}
a6 {[%clk 1:26:17]} 12. a4 {[%clk 1:23:22]} e6 {[%clk 1:25:16]} 13. Rc1 {[%clk
1:20:11]} Ne5 {[%clk 1:23:57]} 14. b3 {[%clk 1:12:34]} Qc7 {[%clk 1:15:48]} 15.
Qd2 {[%clk 0:55:08]} Rfd8 {[%clk 1:15:07]} 16. Rfd1 {[%clk 0:54:20]} Rac8 {[%clk
1:15:06]} 17. Kh1 {[%clk 0:51:36]} Qa5 {[%clk 1:10:28]} 18. Bg5 {[%clk 0:40:55]}
Ned7 {[%clk 0:47:43]} 19. Rb1 {[%clk 0:31:13]} h6 {[%clk 0:33:41]} 20. Be3 {[%clk
0:25:24]} Kh7 {[%clk 0:32:19]} 21. Nde2 {[%clk 0:23:49]} Ne5 {[%clk 0:29:55]} 22.
Nd5 {[%clk 0:18:46]} Qxd2 {[%clk 0:29:51]} 23. Nxf6+ {[%clk 0:19:08]} Bxf6 {[%clk
0:30:14]} 24. Rxd2 {[%clk 0:19:30]} Be7 {[%clk 0:25:55]} 25. Kg1 {[%clk 0:18:47]}
Kg7 {[%clk 0:23:25]} 26. Bd4 {[%clk 0:15:52]} Kh7 {[%clk 0:22:06]} 27. Rbd1
{[%clk 0:14:42]} Nd7 {[%clk 0:20:03]} 28. f4 {[%clk 0:12:03]} Nc5 {[%clk
0:15:24]} 29. Bxc5 {[%clk 0:12:10]} Rxc5 {[%clk 0:15:28]} 30. e5 {[%clk 0:11:26]}
d5 {[%clk 0:12:28]} 31. Kf1 {[%clk 0:10:21]} b5 {[%clk 0:08:43]} 32. axb5 {[%clk
0:10:06]} axb5 {[%clk 0:09:07]} 33. cxd5 {[%clk 0:10:18]} exd5 {[%clk 0:07:35]}
34. Ra2 {[%clk 0:06:12]} Rd7 {[%clk 0:06:08]} 35. Rd3 {[%clk 0:04:29]} g5 {[%clk
0:04:07]} 36. g3 {[%clk 0:04:37]} Kg6 {[%clk 0:03:30]} 37. Ra6+ {[%clk 0:03:28]}
Kf5 {[%clk 0:03:38]} 38. Rxh6 {[%clk 0:02:48]} Ke4 {[%clk 0:03:12]} 39. Rd1
{[%clk 0:01:51]} d4 {[%clk 0:03:12]} 40. fxg5 {[%clk 0:01:51]} Rxe5 {[%clk
0:31:07]} 41. Rh4+ {[%clk 0:26:36]} Kf5 {[%clk 0:20:05]} 42. Rhxd4 {[%clk
0:24:09]} Ra7 {[%clk 0:18:42]} 43. Rd5 {[%clk 0:20:48]} Rxd5 {[%clk 0:09:47]} 44.
Rxd5+ {[%clk 0:21:11]} Ke4 {[%clk 0:09:11]} 45. Nc3+ {[%clk 0:19:55]} Ke3 {[%clk
0:08:35]} 46. Rxb5 {[%clk 0:19:46]} Kd3 {[%clk 0:06:53]} 47. Na4 {[%clk 0:19:50]}
Rc7 {[%clk 0:06:51]} 48. Nb2+ {[%clk 0:17:49]} Ke3 {[%clk 0:07:09]} 49. Nc4+
{[%clk 0:18:03]} Ke4 {[%clk 0:07:10]} 50. Kg2 {[%clk 0:18:10]} Bc5 {[%clk
0:07:21]} 51. h4 {[%clk 0:18:24]} Bd4 {[%clk 0:07:29]} 52. Kh3 {[%clk 0:18:19]}
Ra7 {[%clk 0:07:46]} 53. Kg4 {[%clk 0:18:36]} Ra1 {[%clk 0:07:46]} 54. Rf5 {[%clk
0:18:38]} Ra7 {[%clk 0:06:35]} 55. Rxf7 {[%clk 0:18:52]} Ra1 {[%clk 0:06:46]} 56.
g6 {[%clk 0:18:58]} Ra6 {[%clk 0:07:07]} 57. h5 {[%clk 0:19:16]} 1-0